The Sisters of Our Lady of the Missions : (Record no. 3386)
[ view plain ]
| 000 -LEADER | |
|---|---|
| fixed length control field | 02502cam a22002777i 4500 |
| 008 - FIXED-LENGTH DATA ELEMENTS--GENERAL INFORMATION | |
| fixed length control field | 200128s2020 onca b 001 0 eng |
| 020 ## - INTERNATIONAL STANDARD BOOK NUMBER | |
| ISBN | 9781487505646 |
| 020 ## - INTERNATIONAL STANDARD BOOK NUMBER | |
| ISBN | 1487505647 |
| 100 1# - MAIN ENTRY--AUTHOR | |
| Author | Bruno-Jofré, Rosa del Carmen, |
| 245 14 - TITLE STATEMENT | |
| Title | The Sisters of Our Lady of the Missions : |
| Remainder of title | from ultramontane origins to a new cosmology / |
| Statement of responsibility, etc | Rosa Bruno-Jofré. |
| 260 ## - PUBLICATION, DISTRIBUTION, ETC. (IMPRINT) | |
| Place of publication | New York |
| Name of publisher | Rout Ledge Publication |
| Date of publication | 2016 |
| 300 ## - COLLATION | |
| Pagination | viii, 373 pages ; |
| 520 ## - SUMMARY, ETC. | |
| Summary, etc | "This book guides the reader through the journey taken by the Canadian Province of Our Lady of the Missions (RNDM), from their establishment in Manitoba, Canada, in 1898, until 2008, when the congregation as a whole redefined its mission and vision. This vision was placed within the framework of eco-spirituality and inserted in a new cosmology that included the celebration of womanness and social justice. Using archival research, conducted in Winnipeg, Manitoba, Sturry, England, and Rome as well as oral interviews with RNDM sisters, this book deals with questions regarding the work of sisters in schools and the part they played in the educational state in formation. The details of the congregation's work in schools show how the sisters' educational work was related to the social characteristics of the communities (e.g., those of French Canadian settlers, British immigrants, the Métis population, and continental European immigrants), first in Manitoba and Saskatchewan, and later on in Ontario and Quebec. Rosa Bruno-Jofré argues that the congregation's work was part of a major attempt on the part of the Church to carve a space for itself in the educational state in formation. The Sisters of Our Lady of the Missions examines the impact of Vatican II in the 1960s, and into the 2000s, as well as the dismantling of neo-scholasticism, and the process of secularization of consciousness in society at large. The emerging issues led the congregation and the province to examine their individual and collective identity at the intersection of feminist theology, eco-spirituality, and a critique of western cosmology."-- |
| 650 #0 - TRACINGS | |
| Main Subject | Missions |
| Subdivision (2nd) | Educational work |
| -- | History. |
| 650 #0 - TRACINGS | |
| Main Subject | Women |
| Subdivision (2nd) | Education |
| -- | History. |
| 650 #0 - TRACINGS | |
| Main Subject | Feminist theology |
| Subdivision (2nd) | History. |
| 650 #0 - TRACINGS | |
| Main Subject | Ecotheology |
| Subdivision (2nd) | History. |
| 650 #7 - TRACINGS | |
| Main Subject | Ecotheology. |
| 650 #7 - TRACINGS | |
| Main Subject | Feminist theology. |
| 650 #7 - TRACINGS | |
| Main Subject | Missions. |
| 650 #7 - TRACINGS | |
| Main Subject | Missions |
| Subdivision (2nd) | Educational work. |
| 650 #7 - TRACINGS | |
| Main Subject | Women |
| Subdivision (2nd) | Education. |
| 942 ## - ADDED ENTRY ELEMENTS (KOHA) | |
| Item type | Books |
| 050 00 - LIBRARY OF CONGRESS CALL NUMBER | |
| Classification number | BX4485.68.Z5 |
| Item number | C363 2020 |
| 082 04 - DEWEY DECIMAL CLASSIFICATION NUMBER | |
| Classification number | 271.9 |
| Source of classification or shelving scheme | Not for loan | Permanent location | Current location | Date acquired | Accession No. | Full call number | Barcode. | Koha item type |
|---|---|---|---|---|---|---|---|---|
| Library of Congress Classification | Samuel Ogbemudia Main Library, University of Abuja | Samuel Ogbemudia Main Library, University of Abuja | 05/12/2025 | 22024/64298 | DR435.K87.O74 | 2025-1856 | Books |